000 00500nam a2200169 i 4500
001 140946
003 ES-MaACL
005 20230906200203.0
007 t|
008 070918s1928 fr ||||1| ger d
100 1 _aWerner, Ernest.
_9116503
245 1 0 _aEine gedichtsammlung über den sturz des Conde Duque de Olivares /
_cErnest Werner.
260 _a[Tours :
_bArrault et C.],
_c1928.
300 _a34 h. ;
_c25 cm.
500 _aExtrait de la Revue Hispanique.
852 _aES-MaACL
_j1725-F-2
999 _c140946
_d140946